[Event "BI-2013-F-0005"]
[Site "LSS email"]
[Date "2014.02.21"]
[Round "?"]
[White "Bichik, Aleksandr Mihail"]
[Black "Keevil, Paul"]
[Result "1/2-1/2"]
[WhiteElo "2117"]
[BlackElo "2083"]
[PlyCount "90"]
[EventDate "2014.02.27"]
[EventType "tourn (corr)"]
[EventRounds "10"]
[EventCountry "GER"]
[SourceTitle "Corr 2015"]
[Source "ChessBase"]
[SourceDate "2015.07.17"]
[SourceVersion "1"]
[SourceVersionDate "2015.07.17"]
[SourceQuality "1"]

1. e4 e5 2. Nf3 Nc6 3. Bb5 a6 4. Ba4 Nf6 5. 0-0 Be7 6. Re1 b5 7. Bb3 d6 8. d3 0-0 9. c3 Na5 10. Bc2 c5 11. h3 Be6 12. d4 cxd4 13. cxd4 h6 14. Bd3 Rc8 15. d5 Bd7 16. Nbd2 Qe8 17. Nf1 Bd8 18. Ng3 Kh7 19. b3 Bb6 20. Bd2 Rc7 21. Qe2 Qb8 22. Reb1 Nb7 23. b4 Qa7 24. Rf1 Ra8 25. a3 Qb8 26. a4 bxa4 27. Bxa6 Qe8 28. Ra3 Ng8 29. Nf5 Bxf5 30. exf5 Nf6 31. Bb5 Qc8 32. Bc6 e4 33. Nh2 Qxf5 34. Ng4 Nxg4 35. hxg4 Qe5 36. g5 g6 37. gxh6 f5 38. g3 Rb8 39. Bf4 Qf6 40. Rxa4 Nd8 41. b5 Nb7 42. Qd2 Nc5 43. Bg5 Qe5 44. Ra3 Nd3 45. Kg2 Rf8 1/2-1/2

[Event "BI-2013-F-0005"]
[Site "LSS email"]
[Date "2014.02.21"]
[Round "?"]
[White "Bichik, Aleksandr Mihail"]
[Black "Quinones Borda, Jorge Victor"]
[Result "1/2-1/2"]
[WhiteElo "2117"]
[BlackElo "2063"]
[PlyCount "75"]
[EventDate "2014.02.27"]
[EventType "tourn (corr)"]
[EventRounds "10"]
[EventCountry "GER"]
[SourceTitle "Corr 2015"]
[Source "ChessBase"]
[SourceDate "2015.07.17"]
[SourceVersion "1"]
[SourceVersionDate "2015.07.17"]
[SourceQuality "1"]

1. e4 d5 2. exd5 Qxd5 3. Nc3 Qa5 4. d4 Nf6 5. Nf3 c6 6. Bf4 Bf5 7. Ne5 Nbd7 8. Nc4 Qd8 9. Ne3 Be6 10. Be2 g6 11. Qd2 Bg7 12. 0-0 0-0 13. h3 Nb6 14. Rad1 Qc8 15. Rfe1 Rd8 16. Be5 a5 17. Qc1 a4 18. Bf3 Nbd7 19. Bh2 Nb6 20. b3 axb3 21. axb3 h5 22. Be5 Nbd7 23. Bg3 Nb6 24. Nf1 Nh7 25. Be5 Bxe5 26. Rxe5 Nd7 27. Ree1 Qc7 28. Qh6 Ndf8 29. Na4 b6 30. Qc1 Ra7 31. Nc3 Nf6 32. Ne3 Ra5 33. Qb2 Bd5 34. b4 Raa8 35. Ncxd5 cxd5 36. c4 e6 37. c5 N8h7 38. Nf1 1/2-1/2

[Event "BI-2013-F-0005"]
[Site "LSS email"]
[Date "2014.02.21"]
[Round "?"]
[White "Salzmann, Stefan"]
[Black "Bichik, Aleksandr Mihail"]
[Result "1/2-1/2"]
[WhiteElo "2103"]
[BlackElo "2117"]
[PlyCount "51"]
[EventDate "2014.02.27"]
[EventType "tourn (corr)"]
[EventRounds "10"]
[EventCountry "GER"]
[SourceTitle "Corr 2015"]
[Source "ChessBase"]
[SourceDate "2015.07.17"]
[SourceVersion "1"]
[SourceVersionDate "2015.07.17"]
[SourceQuality "1"]

1. d4 Nf6 2. Nf3 e6 3. c4 d5 4. Nc3 c6 5. e3 Nbd7 6. Qc2 Bd6 7. Bd3 dxc4 8. Bxc4 b5 9. Be2 0-0 10. 0-0 a6 11. Rd1 Qc7 12. e4 e5 13. g3 Re8 14. a3 exd4 15. Nxd4 Be5 16. Be3 c5 17. Nf5 Bb7 18. Nd5 Nxd5 19. exd5 Nb6 20. Qxc5 Qxc5 21. Bxc5 Na4 22. Bd4 Bxd4 23. Nxd4 Bxd5 24. Rd2 g6 25. Rad1 Nb6 26. b3 1/2-1/2

[Event "CP-2012-Q-00010"]
[Site "LSS email"]
[Date "2013.12.17"]
[Round "?"]
[White "Bichik, Aleksandr Mihail"]
[Black "Frendzas, Panayotis"]
[Result "1/2-1/2"]
[WhiteElo "2117"]
[BlackElo "2381"]
[PlyCount "85"]
[EventDate "2013.12.22"]
[EventType "tourn (corr)"]
[EventRounds "6"]
[EventCountry "GER"]
[SourceTitle "Corr 2015"]
[Source "ChessBase"]
[SourceDate "2015.07.17"]
[SourceVersion "1"]
[SourceVersionDate "2015.07.17"]
[SourceQuality "1"]

1. e4 c5 2. Nf3 d6 3. d4 cxd4 4. Nxd4 Nf6 5. Nc3 a6 6. Be3 Ng4 7. Bg5 h6 8. Bh4 g5 9. Bg3 Bg7 10. h3 Nf6 11. Qf3 Qb6 12. 0-0-0 Nc6 13. Nxc6 Qxc6 14. Be2 Qc5 15. Rhe1 Be6 16. e5 dxe5 17. Bxe5 Qxe5 18. Bb5+ Qxb5 19. Nxb5 axb5 20. Qxb7 0-0 21. Rxe6 fxe6 22. Qc6 Kh8 23. Qxe6 Nh5 24. Qxe7 Rae8 25. Qd7 b4 26. h4 gxh4 27. Qg4 Nf4 28. Kb1 h3 29. gxh3 Re5 30. h4 Rff5 31. Qg1 Rf6 32. Qh1 Bf8 33. Qf3 Ref5 34. Rd2 Ne6 35. Qa8 Rf4 36. h5 R4f5 37. a4 bxa3 38. b4 Rxh5 39. Ka2 Rhf5 40. Kxa3 h5 41. Rd5 Rxd5 42. Qxd5 h4 43. Qg2 1/2-1/2

[Event "CP-2012-Q-00010"]
[Site "LSS email"]
[Date "2013.12.17"]
[Round "?"]
[White "Bichik, Aleksandr Mihail"]
[Black "Kuzmin, Konstantin"]
[Result "1/2-1/2"]
[WhiteElo "2117"]
[BlackElo "2146"]
[PlyCount "92"]
[EventDate "2013.12.22"]
[EventType "tourn (corr)"]
[EventRounds "6"]
[EventCountry "GER"]
[SourceTitle "Corr 2015"]
[Source "ChessBase"]
[SourceDate "2015.07.17"]
[SourceVersion "1"]
[SourceVersionDate "2015.07.17"]
[SourceQuality "1"]

1. e4 c5 2. Nf3 Nc6 3. d4 cxd4 4. Nxd4 Nf6 5. Nc3 e5 6. Ndb5 d6 7. Bg5 a6 8. Na3 b5 9. Nd5 Be7 10. Bxf6 Bxf6 11. c3 0-0 12. Nc2 Bg5 13. a4 bxa4 14. Rxa4 a5 15. Bc4 Rb8 16. b3 Kh8 17. Nce3 Be6 18. 0-0 g6 19. Kh1 Bh6 20. f3 Qc8 21. Ra3 Qb7 22. Qe2 Bg5 23. Qd3 Bh6 24. Rd1 Bg5 25. Qe2 f5 26. Qd3 fxe4 27. Qxe4 Qd7 28. Ra4 Rb7 29. Qc2 Bd8 30. Raa1 Rb8 31. Qd3 Bg5 32. Ra3 Kg7 33. Qe4 Kh8 34. Ra2 Qb7 35. Qd3 Qd7 36. Qe4 Qb7 37. Nf1 Ne7 38. Rxa5 Nxd5 39. Bxd5 Qc7 40. Ra6 Bf5 41. Qc4 Qxc4 42. bxc4 Rfd8 43. Ng3 Bc2 44. Rda1 Bd2 45. h4 Bxc3 46. Rc1 Rb1 1/2-1/2

[Event "CP-2012-Q-00010"]
[Site "LSS email"]
[Date "2013.12.17"]
[Round "?"]
[White "Martucci, Massimo"]
[Black "Bichik, Aleksandr Mihail"]
[Result "1/2-1/2"]
[WhiteElo "2117"]
[BlackElo "2117"]
[PlyCount "57"]
[EventDate "2013.12.22"]
[EventType "tourn (corr)"]
[EventRounds "6"]
[EventCountry "GER"]
[SourceTitle "Corr 2015"]
[Source "ChessBase"]
[SourceDate "2015.07.17"]
[SourceVersion "1"]
[SourceVersionDate "2015.07.17"]
[SourceQuality "1"]

1. e4 c5 2. Nf3 d6 3. d4 cxd4 4. Nxd4 Nf6 5. Nc3 a6 6. Be3 e5 7. Nb3 Be6 8. f3 Be7 9. Qd2 Nbd7 10. g4 0-0 11. 0-0-0 b5 12. g5 b4 13. Ne2 Ne8 14. f4 a5 15. f5 Bxb3 16. cxb3 a4 17. bxa4 Rxa4 18. Kb1 Rxa2 19. Nc1 Ra8 20. Nb3 Qc7 21. Bb5 Nc5 22. Qc2 Nxb3 23. Qxb3 d5 24. Rxd5 Qa5 25. f6 Bd6 26. Rhd1 Nc7 27. Bc6 Nxd5 28. Qxd5 Qxd5 29. Rxd5 1/2-1/2

[Event "CP-2013-P-00067"]
[Site "LSS email"]
[Date "2013.09.30"]
[Round "?"]
[White "Bichik, Aleksandr Mihail"]
[Black "Demidov, Lazar"]
[Result "1-0"]
[WhiteElo "2070"]
[BlackElo "1365"]
[PlyCount "83"]
[EventDate "2013.10.01"]
[EventType "tourn (corr)"]
[EventRounds "6"]
[EventCountry "GER"]
[SourceTitle "Telechess CBM 167"]
[Source "ChessBase"]
[SourceDate "2015.07.13"]
[SourceVersion "1"]
[SourceVersionDate "2015.07.13"]
[SourceQuality "1"]

1. e4 c5 2. Nf3 Nc6 3. d4 cxd4 4. Nxd4 e5 5. Nb5 d6 6. N1c3 a6 7. Na3 Be6 8. Nc4 Nf6 9. Bg5 Rc8 10. Nd5 Bxd5 11. Bxf6 Qxf6 12. Qxd5 Nd8 13. Ne3 Be7 14. h4 0-0 15. Qd3 Qg6 16. Nd5 Bf6 17. g3 Ne6 18. Bh3 Rc6 19. c3 Bd8 20. Qf3 Nc5 21. Bf5 Qh6 22. Rd1 g6 23. Bh3 a5 24. 0-0 Kh8 25. Ne3 Ne6 26. Qe2 Qg7 27. Qb5 Rb6 28. Qd5 Bc7 29. Nc4 Rc6 30. Bxe6 fxe6 31. Qxe6 Rd8 32. Qd5 Rc5 33. Qd3 Qf7 34. Ne3 Qxa2 35. Nd5 a4 36. h5 Kg7 37. Qf3 Rxd5 38. h6+ Kxh6 39. Qf6 Rxd1 40. Rxd1 Qc4 41. Re1 d5 42. Kg2 1-0

[Event "SA-2013-0-00358"]
[Site "LSS email"]
[Date "2013.08.03"]
[Round "?"]
[White "Osipov, Anatoly Vladimirovi"]
[Black "Bichik, Aleksandr Mihail"]
[Result "1/2-1/2"]
[WhiteElo "2156"]
[BlackElo "2070"]
[PlyCount "63"]
[EventDate "2013.07.03"]
[EventType "tourn (corr)"]
[EventRounds "6"]
[EventCountry "GER"]
[SourceTitle "Telechess CBM 167"]
[Source "ChessBase"]
[SourceDate "2015.07.13"]
[SourceVersion "1"]
[SourceVersionDate "2015.07.13"]
[SourceQuality "1"]

1. e4 c5 2. Nf3 d6 3. d4 cxd4 4. Nxd4 Nf6 5. Nc3 a6 6. Be3 e5 7. Nb3 Be6 8. f3 Be7 9. Qd2 Nbd7 10. g4 0-0 11. 0-0-0 b5 12. g5 b4 13. Nd5 Nxd5 14. exd5 Bf5 15. h4 a5 16. Bd3 Bg6 17. Bxg6 fxg6 18. Qd3 Rxf3 19. Nd2 Rf7 20. Rdf1 Rxf1+ 21. Rxf1 Qc7 22. Qc4 Qxc4 23. Nxc4 h6 24. gxh6 Nf6 25. Bg5 Rc8 26. hxg7 Nxd5 27. Bxe7 Rxc4 28. Bxd6 Ne3 29. Rf8+ Kxg7 30. Rf2 Rxh4 31. Bxe5+ Kg8 32. Re2 1/2-1/2

[Event "BI-2013-P-00009"]
[Site "LSS email"]
[Date "2013.04.22"]
[Round "?"]
[White "Bichik, Aleksandr Mihail"]
[Black "Broniek, Mariusz Maciej"]
[Result "1/2-1/2"]
[WhiteElo "2066"]
[BlackElo "1940"]
[PlyCount "108"]
[EventDate "2013.04.25"]
[EventType "tourn (corr)"]
[EventRounds "12"]
[EventCountry "GER"]
[SourceTitle "Telechess CBM 163"]
[Source "ChessBase"]
[SourceDate "2014.11.11"]
[SourceVersion "2"]
[SourceVersionDate "2014.11.11"]
[SourceQuality "1"]

1. d4 Nf6 2. c4 e6 3. Nc3 Bb4 4. Qc2 0-0 5. a3 Bxc3+ 6. Qxc3 b6 7. Bg5 Bb7 8. e3 h6 9. Bh4 d6 10. Ne2 Nbd7 11. Qc2 c5 12. Rd1 Qe7 13. Nc3 cxd4 14. Rxd4 Ne5 15. f3 Ng6 16. Bf2 Rfc8 17. Qd1 d5 18. cxd5 Nxd5 19. Nxd5 exd5 20. Be2 Rc7 21. 0-0 Ne5 22. Re1 Rac8 23. Bf1 Qe8 24. Qb3 Kh8 25. Bg3 f6 26. Red1 Qe7 27. Be1 Qf7 28. Bc3 Qg6 29. Kh1 Nc4 30. Re1 Qe8 31. Qb4 a5 32. Qb3 b5 33. Rdd1 Bc6 34. Rc1 Bd7 35. Ra1 Bf5 36. Qd1 Rc5 37. Bd4 R5c7 38. b3 Ne5 39. Bb6 Rc2 40. Qxd5 Be6 41. Qe4 Bxb3 42. Bxa5 Rf2 43. Kg1 Rcc2 44. Rac1 f5 45. Qxf5 Nxf3+ 46. gxf3 Rxf1+ 47. Kxf1 Bc4+ 48. Kg1 Rxc1 49. Kf2 Be6 50. Qd3 Rxe1 51. Bxe1 Qh5 52. Qd8+ Bg8 53. Qd6 Qh4+ 54. Qg3 Qa4 1/2-1/2

[Event "BI-2013-P-00009"]
[Site "LSS email"]
[Date "2013.04.22"]
[Round "?"]
[White "Bichik, Aleksandr Mihail"]
[Black "Koronowski, Heinz Juergen"]
[Result "1/2-1/2"]
[WhiteElo "2066"]
[BlackElo "1979"]
[PlyCount "61"]
[EventDate "2013.04.25"]
[EventType "tourn (corr)"]
[EventRounds "12"]
[EventCountry "GER"]
[SourceTitle "Telechess CBM 163"]
[Source "ChessBase"]
[SourceDate "2014.11.11"]
[SourceVersion "2"]
[SourceVersionDate "2014.11.11"]
[SourceQuality "1"]

1. d4 Nf6 2. c4 g6 3. Nc3 d5 4. cxd5 Nxd5 5. e4 Nxc3 6. bxc3 Bg7 7. Nf3 c5 8. Rb1 0-0 9. Be2 cxd4 10. cxd4 Qa5+ 11. Bd2 Qxa2 12. 0-0 Bg4 13. Bg5 h6 14. Be3 Nc6 15. d5 Bxf3 16. Bxf3 Ne5 17. Rxb7 a5 18. Be2 Nc4 19. Bf4 a4 20. Rxe7 a3 21. Rc7 Ne5 22. d6 Qb2 23. Rc2 Qb7 24. Ra2 Qxe4 25. Bc1 Qb4 26. Qd5 Rfd8 27. Rd1 Ra5 28. Qd2 Qxd2 29. Rdxd2 Nc6 30. Rd1 Nd4 31. Kf1 1/2-1/2

[Event "BI-2013-P-00009"]
[Site "LSS email"]
[Date "2013.04.22"]
[Round "?"]
[White "Bichik, Aleksandr Mihail"]
[Black "Llorente Alvarez, Jose Luis"]
[Result "1-0"]
[WhiteElo "2066"]
[BlackElo "2015"]
[PlyCount "143"]
[EventDate "2013.04.25"]
[EventType "tourn (corr)"]
[EventRounds "12"]
[EventCountry "GER"]
[SourceTitle "Telechess CBM 163"]
[Source "ChessBase"]
[SourceDate "2014.11.11"]
[SourceVersion "2"]
[SourceVersionDate "2014.11.11"]
[SourceQuality "1"]

1. e4 c5 2. Nf3 Nc6 3. d4 cxd4 4. Nxd4 Nf6 5. Nc3 e5 6. Ndb5 d6 7. Bg5 a6 8. Na3 b5 9. Nd5 Be7 10. Bxf6 Bxf6 11. c3 0-0 12. Nc2 Rb8 13. h4 Be7 14. Nce3 Be6 15. a4 Qd7 16. Be2 Bd8 17. axb5 axb5 18. h5 Bg5 19. 0-0 h6 20. Ra6 Rfd8 21. Qd3 b4 22. Nc4 bxc3 23. bxc3 Rb7 24. Rfa1 Ra7 25. Qd1 Bh4 26. Ncb6 Qb7 27. g3 Bg5 28. Qa4 Bxd5 29. Nxd5 Rxa6 30. Bxa6 Qb2 31. Kg2 Ne7 32. Bc4 Kf8 33. Qd1 Qb7 34. Ra4 Qd7 35. Qb3 Nxd5 36. Bxd5 Rc8 37. Qb4 Bd8 38. Ra6 Be7 39. Qa3 Qg4 40. c4 Qd7 41. Qb4 Kg8 42. Qb5 Qd8 43. Qb3 Rc7 44. Ra8 Rc8 45. Ra7 Rc7 46. Ra6 Bf6 47. Ra8 Rc8 48. Ra6 Rc7 49. Ra8 Rc8 50. Bxf7+ Kf8 51. Rxc8 Qxc8 52. Bg6 Qd7 53. Bh7 Qe8 54. Qb7 Qe7 55. Qd5 Ke8 56. Qg8+ Kd7 57. Qb8 Qd8 58. Qb7+ Qc7 59. Bf5+ Kd8 60. Qa8+ Ke7 61. Bg6 Qd8 62. Qa7+ Qd7 63. Qb8 Qd8 64. Qb7+ Qd7 65. Qd5 Qe6 66. Qa8 Qd7 67. Qg8 Qa4 68. Bf5 Qe8 69. Qe6+ Kf8 70. Qxd6+ Qe7 71. Qd5 Qc7 72. c5 1-0

[Event "BI-2013-P-00009"]
[Site "LSS email"]
[Date "2013.04.22"]
[Round "?"]
[White "Chandler, Mark"]
[Black "Bichik, Aleksandr Mihail"]
[Result "0-1"]
[WhiteElo "1030"]
[BlackElo "2066"]
[PlyCount "62"]
[EventDate "2013.04.25"]
[EventType "tourn (corr)"]
[EventRounds "12"]
[EventCountry "GER"]
[SourceTitle "Telechess CBM 163"]
[Source "ChessBase"]
[SourceDate "2014.11.11"]
[SourceVersion "2"]
[SourceVersionDate "2014.11.11"]
[SourceQuality "1"]

1. e4 c5 2. Nc3 Nc6 3. g3 g6 4. Bg2 d6 5. d3 Bg7 6. f4 Nf6 7. Nf3 0-0 8. 0-0 Rb8 9. f5 gxf5 10. Nd5 fxe4 11. Nxf6+ Bxf6 12. Ng5 Bxg5 13. Bxg5 exd3 14. Qh5 dxc2 15. Be4 f5 16. Bxc2 Rf7 17. Bh6 e6 18. g4 Qf6 19. Rf4 Nd4 20. g5 Qg6 21. Qd1 e5 22. Rf2 e4 23. Qe1 Nxc2 24. Rxc2 f4 25. Rd1 e3 26. Rcd2 Bh3 27. Rxd6 Qe4 28. R1d2 f3 29. Qg3 f2+ 30. Rxf2 exf2+ 31. Qxf2 Qb1+ 0-1

[Event "BI-2013-P-00009"]
[Site "LSS email"]
[Date "2013.04.22"]
[Round "?"]
[White "Laine, Jari"]
[Black "Bichik, Aleksandr Mihail"]
[Result "0-1"]
[WhiteElo "1816"]
[BlackElo "2066"]
[PlyCount "102"]
[EventDate "2013.04.25"]
[EventType "tourn (corr)"]
[EventRounds "12"]
[EventCountry "GER"]
[SourceTitle "Telechess CBM 163"]
[Source "ChessBase"]
[SourceDate "2014.11.11"]
[SourceVersion "2"]
[SourceVersionDate "2014.11.11"]
[SourceQuality "1"]

1. e4 c5 2. Nf3 d6 3. d4 cxd4 4. Nxd4 Nf6 5. Nc3 a6 6. Be3 e5 7. Nb3 Be6 8. f3 Be7 9. Qd2 Nbd7 10. g4 0-0 11. 0-0-0 b5 12. g5 b4 13. Ne2 Ne8 14. f4 a5 15. f5 Bxb3 16. axb3 a4 17. Ng3 axb3 18. cxb3 d5 19. Qxd5 Bxg5 20. Bxg5 Qxg5+ 21. Qd2 Ra1+ 22. Kc2 Qxd2+ 23. Rxd2 Nef6 24. Bc4 Rxh1 25. Nxh1 Nc5 26. Ng3 g5 27. Rd6 Kg7 28. Bd5 Rc8 29. Kd2 h5 30. Ke3 h4 31. Nf1 g4 32. Rb6 Ncd7 33. Rxb4 Rc1 34. Bc4 Nc5 35. Be2 Re1 36. Kd2 Rb1 37. Kc2 Ra1 38. Rb5 Nfxe4 39. b4 Nd7 40. f6+ Kxf6 41. Ra5 Re1 42. Bxg4 Rxf1 43. Bxd7 Rf2+ 44. Kd3 Nd6 45. Rd5 Ke7 46. Bc6 e4+ 47. Kc3 Rxh2 48. b5 Rh1 49. Kb4 h3 50. Rd2 f5 51. b6 Ke6 0-1

[Event "BI-2013-P-00009"]
[Site "LSS email"]
[Date "2013.04.22"]
[Round "?"]
[White "Morau, Jose Roberto"]
[Black "Bichik, Aleksandr Mihail"]
[Result "0-1"]
[WhiteElo "1169"]
[BlackElo "2066"]
[PlyCount "42"]
[EventDate "2013.04.25"]
[EventType "tourn (corr)"]
[EventRounds "12"]
[EventCountry "GER"]
[SourceTitle "Telechess CBM 163"]
[Source "ChessBase"]
[SourceDate "2014.11.11"]
[SourceVersion "2"]
[SourceVersionDate "2014.11.11"]
[SourceQuality "1"]

1. e4 c5 2. Nf3 d6 3. d4 cxd4 4. Nxd4 Nf6 5. Nc3 a6 6. Bc4 e6 7. Bg5 b5 8. Bd3 Bb7 9. 0-0 Nbd7 10. a3 Be7 11. Re1 0-0 12. b4 Rc8 13. Bd2 Ne5 14. Bg5 Rxc3 15. Bxf6 Bxf6 16. Ne2 Rc8 17. Rc1 d5 18. exd5 Bg5 19. Rb1 Qxd5 20. f3 Nxf3+ 21. gxf3 Be3+ 0-1

[Event "BI-2013-P-00009"]
[Site "LSS email"]
[Date "2013.04.22"]
[Round "?"]
[White "Van de Peut, Aart A"]
[Black "Bichik, Aleksandr Mihail"]
[Result "0-1"]
[WhiteElo "1330"]
[BlackElo "2066"]
[PlyCount "50"]
[EventDate "2013.04.25"]
[EventType "tourn (corr)"]
[EventRounds "12"]
[EventCountry "GER"]
[SourceTitle "Telechess CBM 163"]
[Source "ChessBase"]
[SourceDate "2014.11.11"]
[SourceVersion "2"]
[SourceVersionDate "2014.11.11"]
[SourceQuality "1"]

1. d4 Nf6 2. c4 e6 3. Nc3 d5 4. cxd5 exd5 5. Bg5 Be7 6. Qc2 h6 7. Bf4 c5 8. e3 cxd4 9. exd4 Nc6 10. Bb5 0-0 11. Nge2 Nb4 12. Qd2 Ne4 13. Nxe4 dxe4 14. 0-0 Be6 15. Nc3 Rc8 16. Rfe1 f5 17. Re3 Bf6 18. Rg3 Qxd4 19. Bxh6 Qxd2 20. Bxd2 Be5 21. Rg5 Rfd8 22. Nxe4 Nc2 23. Rc1 Bxb2 24. Bc3 Bxc1 25. Rxg7+ Kf8 0-1

[Event "LSS No Engine Cup 69 Final"]
[Site "LSS email"]
[Date "2013.03.19"]
[Round "?"]
[White "Bichik, Aleksandr Mihail"]
[Black "Schubert, Steffen"]
[Result "1/2-1/2"]
[WhiteElo "2066"]
[BlackElo "1955"]
[PlyCount "50"]
[EventDate "2013.03.20"]
[EventType "tourn (corr)"]
[EventRounds "6"]
[EventCountry "GER"]
[SourceTitle "Telechess CBM 163"]
[Source "ChessBase"]
[SourceDate "2014.11.11"]
[SourceVersion "2"]
[SourceVersionDate "2014.11.11"]
[SourceQuality "1"]

1. e4 e5 2. Nf3 Nf6 3. Nxe5 d6 4. Nf3 Nxe4 5. d4 d5 6. Bd3 Be7 7. 0-0 Nc6 8. c4 Nb4 9. cxd5 Nxd3 10. Qxd3 Qxd5 11. Re1 Bf5 12. g4 Bg6 13. Nc3 Nxc3 14. Qxc3 f6 15. Nh4 Qd6 16. Qf3 0-0-0 17. Nf5 Bxf5 18. Qxf5+ Kb8 19. Bf4 Qd7 20. Rac1 Bd6 21. Qxd7 Rxd7 22. Bxd6 cxd6 23. Kg2 Rc8 24. Rxc8+ Kxc8 25. d5 Kc7 1/2-1/2

[Event "LSS No Engine Cup 69 Final"]
[Site "LSS email"]
[Date "2013.03.19"]
[Round "?"]
[White "Nucci, Luciano"]
[Black "Bichik, Aleksandr Mihail"]
[Result "1/2-1/2"]
[WhiteElo "2074"]
[BlackElo "2066"]
[PlyCount "74"]
[EventDate "2013.03.20"]
[EventType "tourn (corr)"]
[EventRounds "6"]
[EventCountry "GER"]
[SourceTitle "Telechess CBM 163"]
[Source "ChessBase"]
[SourceDate "2014.11.11"]
[SourceVersion "2"]
[SourceVersionDate "2014.11.11"]
[SourceQuality "1"]

1. d4 Nf6 2. c4 e6 3. g3 c5 4. d5 exd5 5. cxd5 b5 6. Bg2 d6 7. e4 Nbd7 8. f4 g6 9. Nh3 Bg7 10. 0-0 0-0 11. Nf2 Re8 12. Re1 h5 13. Na3 Rb8 14. Rb1 Qc7 15. b3 Ng4 16. Nxg4 hxg4 17. Nc2 c4 18. Be3 Nc5 19. bxc4 Bc3 20. Bd2 Bxd2 21. Qxd2 bxc4 22. Qd4 Nd3 23. Rxb8 Qxb8 24. Rd1 Qb6 25. Qxb6 axb6 26. Rb1 Bd7 27. Rxb6 Ba4 28. Na3 c3 29. Rxd6 Ra8 30. e5 Kf8 31. Be4 c2 32. Nxc2 Bxc2 33. e6 Ne1 34. Bxc2 Nxc2 35. h3 Ne3 36. hxg4 Nxg4 37. Rd7 fxe6 1/2-1/2